Income Tax : Practice And Procedure 2006-07 (Record no. 29325)

MARC details
000 -LEADER
fixed length control field 00467nam a2200181Ia 4500
008 - FIXED-LENGTH DATA ELEMENTS--GENERAL INFORMATION
fixed length control field 220531s9999 xx 000 0 und d
041 ## - LANGUAGE CODE
Language code of text/sound track or separate title eng
082 ## - DEWEY DECIMAL CLASSIFICATION NUMBER
Item number WAK / KAP
100 ## - MAIN ENTRY--PERSONAL NAME
Personal name Wakale,l. P. / Kapadnis, B. V.
9 (RLIN) 50267
245 ## - TITLE STATEMENT
Title Income Tax : Practice And Procedure 2006-07
250 ## - EDITION STATEMENT
Edition statement 4th
260 ## - PUBLICATION, DISTRIBUTION, ETC. (IMPRINT)
Name of publisher, distributor, etc. Gayatri
Date of publication, distribution, etc. 2004
300 ## - PHYSICAL DESCRIPTION
Extent 218
542 ## - INFORMATION RELATING TO COPYRIGHT STATUS
Copyright holder 13-12-2005
650 ## - SUBJECT ADDED ENTRY--TOPICAL TERM
Topical term or geographic name as entry element Taxation
9 (RLIN) 50268
906 ## - LOCAL DATA ELEMENT F, LDF (RLIN)
d 2005-2006
-- 2014-2015
Holdings
Withdrawn status Lost status Source of classification or shelving scheme Damaged status Not for loan Home library Current library Date acquired Vendor Cost, normal purchase price Total Checkouts Total Holds Full call number Barcode Date last seen Bill Date Koha item type Original Barcode
Withdrawn   Dewey Decimal Classification     Shri Siddhivinayak Mahila Mahavidyalaya Shri Siddhivinayak Mahila Mahavidyalaya 13/12/2005 Goel 100.00   1 /WAK / KAP/B/10317 SSMM-BK-10317 06/08/2022 06/08/2022 Books 010010317